[Event "AUTO-ADV-3553"]
[Site "http://www.queenalice.com/game.php?id=1399581"]
[Date "2015.12.20"]
[Round "1"]
[White "arniecoruja"]
[Black "Tooony"]
[Result "0-1"]
[WhiteElo "1774"]
[BlackElo "1752"]

1. d4 c5 2. e4 cxd4 3. Qxd4 Nc6 4. Qe3 g6 5. Bc4 Bg7 6. f4 b5 7. Bd5 Nh6 8. h3
O-O 9. Nf3 e6 10. Bb3 Re8 11. e5 Nb4 12. c3 Nf5 13. Qf2 Nd3+ 14. Kf1 Nxf2 15.
Kxf2 Qb6+ 16. Ke1 Bb7 17. Nbd2 Qe3+ 18. Kd1 Bxf3+ 19. Nxf3 Qd3+ 20. Bd2 Ne3+ 0-1

[Event "AUTO-ADV-3553"]
[Site "http://www.queenalice.com/game.php?id=1399582"]
[Date "2015.12.20"]
[Round "1"]
[White "Tooony"]
[Black "arniecoruja"]
[Result "0-1"]
[WhiteElo "1768"]
[BlackElo "1758"]

1. e4 e5 2. Nf3 d6 3. Nc3 Be6 4. d4 exd4 5. Nxd4 Nd7 6. Bd3 Ne5 7. Nxe6 fxe6 8.
O-O Qh4 9. g3 Qh3 10. Bf4 Ng4 11. Re1 Qxh2+ 0-1

[Event "AUTO-ADV-3553"]
[Site "http://www.queenalice.com/game.php?id=1399595"]
[Date "2015.12.20"]
[Round "1"]
[White "Tooony"]
[Black "qxr"]
[Result "1-0"]
[WhiteElo "1773"]
[BlackElo "1844"]

1. e4 c5 2. Nf3 e6 3. d4 cxd4 4. Bf4 d6 5. Bc4 Nc6 6. e5 dxe5 7. Nxe5 Bb4+ 8.
Nd2 Nxe5 9. Bxe5 f6 10. Bg3 g6 11. O-O Ne7 12. a3 Bd6 13. Bxd6 Qxd6 14. Ne4 Qd8
15. Nxf6+ Kf7 16. Qf3 Kg7 17. Rfe1 Nf5 18. Bxe6 Kxf6 19. Qe4 Bxe6 20. Qxe6+ Kg7
21. Rad1 Qb6 22. g4 Nh4 23. Qe7+ Kg8 24. Qxh4 1-0

[Event "AUTO-ADV-3553"]
[Site "http://www.queenalice.com/game.php?id=1399597"]
[Date "2015.12.20"]
[Round "1"]
[White "Tooony"]
[Black "rmvwoods"]
[Result "1-0"]
[WhiteElo "1792"]
[BlackElo "1905"]

1. e4 c5 2. Nf3 d6 3. d4 cxd4 4. Bc4 Bg4 5. O-O Nc6 6. h3 Bh5 7. Bb5 e5 8. c4
dxc3 9. Nxc3 a6 10. Qd5 axb5 11. Nxb5 Bxf3 12. gxf3 Nf6 13. Bg5 Be7 14. Bxf6
Bxf6 15. Nxd6+ Qxd6 16. Qxd6 Rd8 17. Qc7 O-O 18. Qxb7 Nd4 19. Kg2 Rb8 20. Qd5
Rxb2 21. Rfb1 Re2 22. Kg3 Nc2 23. Qd6 Nxa1 24. Rb8 h6 25. Qxf8+ Kh7 26. Qxf7 Rd2
27. Qe6 Rd8 28. Rxd8 Bxd8 29. Qxe5 Bf6 30. Qf5+ Kg8 31. e5 Be7 32. Qb1 1-0

[Event "AUTO-ADV-3553"]
[Site "http://www.queenalice.com/game.php?id=1399598"]
[Date "2015.12.20"]
[Round "1"]
[White "rmvwoods"]
[Black "Tooony"]
[Result "1-0"]
[WhiteElo "1918"]
[BlackElo "1813"]

1. d4 c5 2. d5 Nf6 3. c4 g6 4. Nc3 Bg7 5. Bg5 a6 6. e3 O-O 7. Nf3 d6 8. Be2 e5
9. O-O Bg4 10. Qb3 Bxf3 11. Bxf3 Qd7 12. Ne4 Nxe4 13. Bxe4 b5 14. cxb5 axb5 15.
Bf3 Na6 16. e4 h6 17. Be3 Nb4 18. a3 Na6 19. Be2 Nc7 20. f4 c4 21. Qc2 Ne8 22.
fxe5 f5 23. e6 Qe7 24. exf5 g5 25. Bh5 Nf6 26. Bf7+ Kh8 27. Rad1 Ng4 28. Bc1 Ne5
29. Qf2 Bf6 30. Bh5 Qa7 31. Be3 Qc7 32. Bd4 Kg7 33. Bxe5 Bxe5 34. Bf7 Bf6 35.
Qe2 Qe7 36. Qh5 Rxf7 37. Qg6+ Kh8 38. exf7 Bg7 39. Rde1 Qa7+ 40. Kh1 Rf8 41. Re8
Qxf7 42. Qxf7 1-0

[Event "Challenge"]
[Site "http://www.queenalice.com/game.php?id=1403011"]
[Date "2016.1.7"]
[Round "-"]
[White "szachograjek"]
[Black "Tooony"]
[Result "1-0"]
[WhiteElo "1500"]
[BlackElo "1815"]

1. e4 c5 2. Nf3 Nc6 3. d4 d5 4. dxc5 Nf6 5. exd5 Nxd5 6. Bc4 e6 7. Bxd5 Qxd5 8.
Qxd5 exd5 9. Be3 Bf5 10. Na3 g6 11. O-O-O Be4 12. Nb5 O-O-O 13. Ng5 Rd7 14. Nxe4
dxe4 15. Rxd7 Kxd7 16. Rd1+ Kc8 17. c3 f5 18. b4 a6 19. Nd4 Bg7 20. Nxc6 bxc6
21. Bd4 Rg8 22. Bxg7 Rxg7 23. Rd6 Kc7 24. a4 Rd7 25. Rxd7+ Kxd7 26. c4 g5 27.
Kc2 h5 28. Kc3 g4 29. Kd4 Ke6 30. g3 a5 31. b5 cxb5 32. cxb5 e3 33. fxe3 Kd7 34.
Ke5 f4 35. exf4 Ke7 36. f5 h4 37. c6 Kd8 38. b6 1-0

[Event "Challenge"]
[Site "http://www.queenalice.com/game.php?id=1404486"]
[Date "2016.1.16"]
[Round "-"]
[White "Tooony"]
[Black "Equiferus"]
[Result "0-1"]
[WhiteElo "1815"]
[BlackElo "1812"]

1. e4 d5 2. exd5 Qxd5 3. c4 Qa5 4. Nc3 c5 5. Nf3 e6 6. d4 Nf6 7. Bd3 cxd4 8.
Nxd4 Qe5+ 9. Be3 Bc5 10. Nf3 Qc7 11. O-O O-O 12. Bxc5 Qxc5 13. Re1 Ng4 14. Qc2
Qh5 15. h3 Nf6 16. Re5 Qh6 17. Rg5 Nbd7 18. h4 g6 19. g3 b6 20. Be4 Nxe4 21.
Qxe4 Rb8 22. b4 Bb7 23. Qd3 f6 24. Rg4 Bxf3 25. Qxd7 Bxg4 26. Ne4 Qg7 27. Qd4 f5
28. Qxg7+ Kxg7 29. Ng5 Rf6 30. Kg2 h6 31. Nf3 f4 32. Rd1 Rb7 33. Rd4 Bxf3+ 34.
Kxf3 e5 35. Re4 fxg3+ 36. Kxg3 Rf5 37. a3 Rbf7 38. f4 exf4+ 39. Kf3 g5 40. hxg5
hxg5 41. Re6 R5f6 0-1

[Event "Challenge"]
[Site "http://www.queenalice.com/game.php?id=1407556"]
[Date "2016.2.4"]
[Round "-"]
[White "pedro2009"]
[Black "Tooony"]
[Result "0-1"]
[WhiteElo "1816"]
[BlackElo "1818"]

1. e4 e5 2. Nf3 Nc6 3. Nc3 Nf6 4. Bc4 d5 5. exd5 Nd4 6. O-O Bg4 7. Bb5+ Nxb5 8.
Nxb5 e4 9. Qe2 Bc5 10. h3 Bxf3 11. gxf3 O-O 12. fxe4 Re8 13. e5 Nxd5 14. d4 Be7
15. Qg4 h6 16. Bxh6 g5 17. h4 f6 18. hxg5 fxg5 19. Rae1 Kh7 20. Qh3 Nf4 21. Qh1
Rh8 22. Re4 Kg6 23. Rxf4 gxf4 24. Qg2+ Kxh6 25. Qh3+ Kg5 26. Qg2+ Kf5 27. f3 Qg8
28. c3 Qxg2+ 29. Kxg2 Rag8+ 30. Kf2 Rh2+ 31. Ke1 Rxb2 32. Nxc7 Rgg2 0-1

[Event "Challenge"]
[Site "http://www.queenalice.com/game.php?id=1409600"]
[Date "2016.2.16"]
[Round "-"]
[White "Tooony"]
[Black "Equiferus"]
[Result "0-1"]
[WhiteElo "1834"]
[BlackElo "1884"]

1. e4 d5 2. exd5 Qxd5 3. Nc3 Qa5 4. d4 c5 5. dxc5 Qxc5 6. Nd5 e6 7. b4 Qxd5 8.
Bd2 Nf6 9. Nf3 Ne4 10. c4 Qd6 11. c5 Qd5 12. Bb5+ Bd7 13. a4 a6 14. Be2 Be7 15.
O-O O-O 16. Qc2 Nxd2 17. Nxd2 Ra7 18. Rad1 Bc6 19. Bf3 Qf5 20. Ne4 Nd7 21. Rfe1
Ne5 22. Re3 Ng4 23. Bxg4 Qxg4 24. f3 Qg6 25. g4 f5 26. Nf6+ Rxf6 27. h3 fxg4 28.
Qxg6 Rxg6 29. fxg4 h5 30. Rd4 Bxa4 31. Kh2 hxg4 32. Rxg4 Rxg4 33. hxg4 Kf7 34.
Kh3 g5 35. Rf3+ Kg6 36. Ra3 Bb5 37. Re3 Bd7 38. Kg3 a5 39. bxa5 Rxa5 40. Rd3 Bc8
41. Kf3 Rxc5 42. Ke4 e5 43. Rd5 Bxg4 44. Kxe5 Bf6+ 45. Kd6 Rc6# 0-1

[Event "Challenge"]
[Site "http://www.queenalice.com/game.php?id=1409786"]
[Date "2016.2.17"]
[Round "-"]
[White "Tooony"]
[Black "pedro2009"]
[Result "1-0"]
[WhiteElo "1820"]
[BlackElo "1800"]

1. e4 e5 2. Nf3 Nc6 3. Nc3 Nf6 4. Bc4 Qe7 5. d3 Na5 6. O-O Nxc4 7. dxc4 h6 8.
Nd5 Nxd5 9. cxd5 Qf6 10. c4 Bc5 11. a3 Bd4 12. Rb1 d6 13. Be3 Bd7 14. Bxd4 exd4
15. Nxd4 Qg5 16. g3 Qe5 17. f4 Qxe4 18. Re1 O-O-O 19. Rxe4 g5 20. f5 h5 21. Ne6
fxe6 22. fxe6 Be8 23. e7 Rd7 24. Qa4 a6 25. Qc2 h4 26. Rf1 Rd8 27. Rf8 Bg6 28.
Rxh8 Rxh8 29. Qe2 Kd7 30. Qg4+ Ke8 31. Qc8+ Kf7 32. Qxh8 Bxe4 33. e8=Q# 1-0

[Event "Challenge"]
[Site "http://www.queenalice.com/game.php?id=1412111"]
[Date "2016.3.4"]
[Round "-"]
[White "Tooony"]
[Black "armandocosta"]
[Result "0-1"]
[WhiteElo "1835"]
[BlackElo "1798"]

1. e4 c5 2. Nf3 Nc6 3. Bc4 Nf6 4. e5 Ng4 5. d3 Ngxe5 6. Be3 Nxc4 7. dxc4 d6 8.
h3 Be6 9. Nbd2 g6 10. c3 Bg7 11. Rc1 O-O 12. b4 cxb4 13. cxb4 Nxb4 14. Qb3 Qa5
15. a3 Nc6 16. O-O b6 17. Ng5 Bf5 18. g4 Bd7 19. c5 bxc5 20. Nc4 Qa6 21. Nxd6
exd6 22. Rcd1 Ne5 23. Bf4 Ba4 24. Qd5 Bxd1 25. Rxd1 Rad8 26. Bc1 c4 27. f4 Nd3
28. f5 Qb6+ 29. Kh1 Nf2+ 30. Kg2 Nxd1 31. Qxd1 d5 32. Qf3 h6 0-1

[Event "Challenge"]
[Site "http://www.queenalice.com/game.php?id=1416157"]
[Date "2016.4.1"]
[Round "-"]
[White "Tooony"]
[Black "dano"]
[Result "0-1"]
[WhiteElo "1835"]
[BlackElo "1782"]

1. e4 b6 2. d4 Bb7 3. d5 Nf6 4. Nc3 e6 5. Bf4 d6 6. Bb5+ c6 7. dxe6 cxb5 8.
exf7+ Kxf7 9. Nf3 Qe7 10. O-O Nbd7 11. Ng5+ Kg8 12. Nd5 Nxd5 13. exd5 Qf6 14. g3
Qf5 15. Qd3 Qxd3 16. cxd3 h6 17. Ne6 g5 18. Nc7 Rc8 19. Rac1 gxf4 20. Nxb5 Rh7
21. Nxa7 Ra8 22. Nb5 Nf6 23. Rfe1 Nxd5 24. Re6 Rxa2 25. Nxd6 Ba6 26. Rc6 f3 27.
h4 h5 28. Nc4 Rg7 29. Nxb6 Nf4 30. Re3 Nh3+ 31. Kh2 Nxf2 32. Kg1 Rxb2 33. Rf6
Rxg3+ 34. Kf1 Bxd3+ 0-1

[Event "Challenge"]
[Site "http://www.queenalice.com/game.php?id=1423251"]
[Date "2016.5.16"]
[Round "-"]
[White "Tooony"]
[Black "Omar"]
[Result "0-1"]
[WhiteElo "1830"]
[BlackElo "1870"]

1. e4 e5 2. Nf3 d6 3. Bc4 h6 4. Nc3 Nf6 5. d4 exd4 6. Nxd4 a6 7. O-O Be7 8. Bf4
b5 9. e5 dxe5 10. Bxe5 bxc4 11. Bxf6 Bxf6 12. Qe2+ Be7 13. Qxc4 O-O 14. Nd5 Bd6
15. Rfe1 Bb7 16. Nf5 Qg5 17. Nxd6 Bxd5 18. Ne4 Bxc4 19. Nxg5 hxg5 20. b3 Bb5 21.
Re7 Ra7 22. Rd1 Nc6 23. Re3 Nb4 24. c4 Bc6 25. Rd2 a5 26. h3 a4 27. a3 Na6 28.
b4 Nb8 29. b5 Bd7 30. Rb2 Re8 31. c5 Rxe3 32. fxe3 Ra5 33. c6 Be6 34. e4 Kf8 35.
b6 cxb6 36. Rxb6 Ra8 37. Kf2 Na6 38. e5 Nc7 39. Rb7 Rc8 40. Rb6 Bd5 41. g4 Ne6
42. Kg3 Bxc6 43. h4 gxh4+ 44. Kxh4 Be8 45. Rb2 Rc3 46. Ra2 Nf4 47. Kg5 Ng6 48.
Kf5 Bd7+ 49. Ke4 Bxg4 50. Kd4 Rb3 51. Rb2 Be6 52. Rd2 Rxa3 53. Kc5 Nxe5 54. Kb4
Ra1 55. Rh2 a3 56. Re2 f6 57. Rh2 a2 0-1

[Event "Challenge"]
[Site "http://www.queenalice.com/game.php?id=1425752"]
[Date "2016.6.1"]
[Round "-"]
[White "ORNELAS"]
[Black "Tooony"]
[Result "0-1"]
[WhiteElo "1619"]
[BlackElo "1822"]

1. Nf3 d5 2. d4 Nf6 3. Ne5 Bf5 4. Bg5 e6 5. Nd2 Bd6 6. Ndf3 O-O 7. c3 c5 8. e3
cxd4 9. Nxd4 Bxe5 10. Nf3 Nc6 11. Bb5 Qb6 12. Bxc6 bxc6 13. Nxe5 Qxb2 14. O-O
Qxc3 15. Bxf6 gxf6 16. Nd7 Rfd8 17. e4 Bxe4 18. Qg4+ Bg6 19. Rac1 Qa3 20. Nxf6+
Kf8 21. Qh4 Qd3 22. Qh6+ Ke7 23. Nxh7 Bxh7 24. Rxc6 Rab8 25. Rc7+ Rd7 26. Qh4+
f6 27. Rxd7+ Kxd7 28. Qxf6 Kd6 29. Qf4+ e5 30. Qf6+ Kc5 31. Qxe5 Rb1 32. Qe7+
Kc4 33. Qc7+ Kd4 34. Qf4+ Kc3 35. Qe5+ Kc2 36. Qc7+ Kb2 37. Qb7+ Ka1 38. Rxb1+
Qxb1+ 39. Qxb1+ Bxb1 40. a4 d4 41. Kf1 Kb2 42. Ke2 Kc2 43. f4 d3+ 44. Kf3 d2 45.
f5 d1=Q+ 46. Kf4 Kc1 47. f6 Qf1+ 48. Kg5 Qf5+ 49. Kh4 Qxf6+ 50. Kg4 Qf5+ 51. Kg3
Kd1 52. h3 Ke2 53. Kh2 Kf1 54. Kh1 Qf2 0-1

[Event "Challenge"]
[Site "http://www.queenalice.com/game.php?id=1433077"]
[Date "2016.7.25"]
[Round "-"]
[White "Tooony"]
[Black "Omar"]
[Result "1-0"]
[WhiteElo "1850"]
[BlackElo "1818"]

1. e4 e5 2. Nf3 Nc6 3. d4 exd4 4. Nxd4 Ne5 5. Nc3 a6 6. Bc4 Nxc4 7. O-O h6 8. b3
Ne5 9. Bf4 d6 10. h3 Nf6 11. Qe2 c5 12. Nf3 Nxf3+ 13. Qxf3 Be7 14. Bg3 Rb8 15.
Rad1 Nh7 16. Rfe1 O-O 17. e5 Bg5 18. exd6 Bd7 19. Nd5 Nf6 20. Qe2 Nxd5 21. Rxd5
Rc8 22. f4 Bh4 23. Bxh4 Qxh4 24. Qe7 Qxf4 25. Qxd7 Qb4 26. Qe7 Rce8 27. Qxe8
Rxe8 28. Rxe8+ Kh7 29. d7 Qa3 30. d8=Q Qc1+ 31. Kf2 Qxc2+ 32. Re2 Qc3 33. Qe7 a5
34. Rd3 Qb4 35. Qxf7 Qb6 36. Qf5+ Qg6 37. Qxg6+ Kxg6 38. Rd6+ Kh7 39. Re7 b5 40.
Rd5 c4 41. bxc4 bxc4 42. Rc7 c3 43. Rxa5 c2 44. Rxc2 Kh8 45. g4 Kh7 46. Rc6 Kh8
47. h4 Kh7 48. h5 Kh8 49. g5 hxg5 50. Rxg5 Kh7 51. h6 gxh6 52. Ra5 Kg7 53. Ra7+
Kh8 54. Rc8# 1-0

[Event "Challenge"]
[Site "http://www.queenalice.com/game.php?id=1433925"]
[Date "2016.7.30"]
[Round "-"]
[White "Tooony"]
[Black "crisvolei"]
[Result "1-0"]
[WhiteElo "1816"]
[BlackElo "1792"]

1. e4 e5 2. Nf3 Nc6 3. d4 exd4 4. Nxd4 Qf6 5. c3 Nxd4 6. cxd4 Bb4+ 7. Nc3 c5 8.
e5 Qh4 9. Be3 d5 10. exd6 Bg4 11. Bb5+ Kd8 12. Qa4 Nf6 13. O-O Bd7 14. dxc5 Bxb5
15. Qxb5 Rc8 16. Qxb7 Nd7 17. c6 Nc5 18. Bxc5 Bxc5 19. Qd7# 1-0

[Event "Challenge"]
[Site "http://www.queenalice.com/game.php?id=1433926"]
[Date "2016.7.30"]
[Round "-"]
[White "crisvolei"]
[Black "Tooony"]
[Result "0-1"]
[WhiteElo "1785"]
[BlackElo "1831"]

1. e4 e5 2. Qf3 Nf6 3. Bc4 Bc5 4. Nh3 c6 5. Ng5 O-O 6. Nxf7 Rxf7 7. Bxf7+ Kxf7
8. g4 d5 9. h3 dxe4 10. Qb3+ Nd5 11. Nc3 Na6 12. Nxe4 Bb6 13. d4 Ba5+ 14. c3
exd4 15. Ng5+ Kg8 16. O-O dxc3 17. Qc4 cxb2 18. Bxb2 Qxg5 19. f4 Bb6+ 20. Kg2
Qe7 21. Be5 Be6 22. Kf3 Ne3 23. Qe4 Bd5 24. Qxd5+ Nxd5 25. g5 Qa3+ 26. Ke2 Nxf4+
27. Bxf4 Re8+ 28. Kd2 Qb2+ 29. Kd3 Nc5+ 30. Kc4 Re4# 0-1

[Event "Challenge"]
[Site "http://www.queenalice.com/game.php?id=1438118"]
[Date "2016.8.28"]
[Round "-"]
[White "ORNELAS"]
[Black "Tooony"]
[Result "0-1"]
[WhiteElo "1565"]
[BlackElo "1845"]

1. b3 d5 2. Bb2 Nc6 3. d4 Nf6 4. g3 Bf5 5. Bg2 e6 6. Nf3 Bb4+ 7. Nbd2 O-O 8. a3
Bd6 9. O-O Qe7 10. c3 e5 11. e3 e4 12. b4 exf3 13. Nxf3 h6 14. Nh4 Bg4 15. Qd2
Ne4 16. Qc2 Bh5 17. Nf3 Ng5 18. Nxg5 Qxg5 19. b5 Na5 20. Bc1 Bg6 21. Qd1 Qe7 22.
Bxd5 Be4 23. Bxe4 Qxe4 24. Qa4 b6 25. Qd1 c5 26. dxc5 Bxc5 27. Ra2 Rad8 28. Bd2
Nc4 29. a4 Nxe3 30. Qe2 Qg2# 0-1

[Event "Challenge"]
[Site "http://www.queenalice.com/game.php?id=1442796"]
[Date "2016.9.25"]
[Round "-"]
[White "ORNELAS"]
[Black "Tooony"]
[Result "0-1"]
[WhiteElo "1545"]
[BlackElo "1865"]

1. b3 e5 2. e4 d5 3. Bb2 d4 4. d3 Nc6 5. g3 Bb4+ 6. Nd2 Nh6 7. Bg2 Qf6 8. Nf3
Ng4 9. O-O Qh6 10. a3 Bc3 11. Rb1 O-O 12. Nc4 f5 13. Bxc3 dxc3 14. h3 f4 15.
hxg4 Bxg4 16. gxf4 Rxf4 17. Qe1 Bxf3 18. Ne3 Bxg2 19. Nxg2 Qg5 20. Qe3 Nd4 21.
Qh3 Rf3 22. Qh2 Nxc2 23. Kh1 Rxd3 24. Ne3 Nd4 25. Rg1 Qf6 26. Rbe1 Nf3 27. Ng4
Qe6 28. Qg2 Nxe1 29. Rxe1 c2 30. Ne3 Rad8 31. Rg1 R8d7 32. Nf5 Rd1 33. Nxg7
Rxg1+ 34. Kxg1 c1=Q+ 35. Kh2 Rxg7 36. Qh3 Qg1# 0-1